The adventure of the christmas pudding (Record no. 16702)

000 -LEADER
fixed length control field 00325nam a22001217a 4500
003 - CONTROL NUMBER IDENTIFIER
control field ASAB
005 - DATE AND TIME OF LATEST TRANSACTION
control field 20170418112551.0
008 - FIXED-LENGTH DATA ELEMENTS--GENERAL INFORMATION
fixed length control field 131217t xxu||||| |||| 00| 0 eng d
020 ## - INTERNATIONAL STANDARD BOOK NUMBER
International Standard Book Number 0-00-616817-5
040 ## - CATALOGING SOURCE
Transcribing agency ASAB
082 ## - DEWEY DECIMAL CLASSIFICATION NUMBER
Classification number Fic Christie
100 ## - MAIN ENTRY--PERSONAL NAME
Personal name Agatha Christie
9 (RLIN) 431
245 ## - TITLE STATEMENT
Title The adventure of the christmas pudding
Statement of responsibility, etc. by Agatha Christie
246 ## - VARYING FORM OF TITLE
Title proper/short title The adventure of the christmas pudding
260 ## - PUBLICATION, DISTRIBUTION, ETC.
Place of publication, distribution, etc. Great Britain
Name of publisher, distributor, etc. William Collins sons & Co. Ltd, Glasgow.
Date of publication, distribution, etc. 1960
300 ## - PHYSICAL DESCRIPTION
Extent 224 P
942 ## - ADDED ENTRY ELEMENTS (KOHA)
Source of classification or shelving scheme
Koha item type Book
Holdings
Withdrawn status Lost status Source of classification or shelving scheme Damaged status Not for loan Permanent Location Current Location Date acquired Total Checkouts Full call number Barcode Date last seen Date last checked out Price effective from Koha item type
          Atta-ur-Rahman School of Applied Biosciences (ASAB) Atta-ur-Rahman School of Applied Biosciences (ASAB) 12/17/2013 1 Fic Christie ASAB3095 04/18/2017 06/01/2016 12/17/2013 Book
© 2023 Central Library, National University of Sciences and Technology. All Rights Reserved.